[Event "28th Czech Open A 2017"]
[Site "Pardubice CZE"]
[Date "2017.07.27"]
[Round "7.52"]
[White "Shemeakin, Alexander"]
[Black "Lerch, Patrice"]
[Result "0-1"]
[WhiteTitle "IM"]
[BlackTitle "IM"]
[WhiteElo "2276"]
[BlackElo "2415"]
[WhiteFideId "14101840"]
[BlackFideId "605867"]
[EventDate "2017.07.21"]

1. d4 Nf6 2. c4 e6 3. Nc3 Bb4 4. Qc2 c5 5. dxc5 O-O 6. a3 Bxc5 7. Nf3 b6 8. Bg5
Bb7 9. Rd1 h6 10. Bh4 Be7 11. e4 Nh5 12. Bxe7 Qxe7 13. g3 Nc6 14. Be2 Nf6 15.
O-O d6 16. Rd2 Rfd8 17. Rfd1 Rd7 18. Nd4 Rad8 19. f3 Nxd4 20. Rxd4 Bc6 21. b4
Nh7 22. Qd2 Ng5 23. Rd3 Qf6 24. Kg2 e5 25. Nd5 Qe6 26. Ne3 h5 27. Kg1 Qf6 28.
Nf5 Bxe4 29. fxe4 Nxe4 30. Qe3 Qxf5 31. Rf1 Qh7 32. Bxh5 Nf6 33. Bd1 d5 34. cxd5
Rxd5 35. Rxd5 Rxd5 36. Qc1 Qd3 37. Qc8+ Rd8 38. Qc7 e4 39. Qf4 Qxa3 40. Bc2 Qxb4
41. Kh1 Qd6 42. Qh4 Qc6 43. Bb3 Rd2 44. Qh3 Qd7 45. Qh4 Qd3 46. Qf4 e3 47. Bc4
Qd4 0-1

[Event "28th Czech Open A 2017"]
[Site "Pardubice CZE"]
[Date "2017.07.27"]
[Round "7.53"]
[White "Nitish, Belurkar"]
[Black "Bruedigam, Martin"]
[Result "1/2-1/2"]
[WhiteTitle "FM"]
[BlackTitle "FM"]
[WhiteElo "2283"]
[BlackElo "2410"]
[WhiteFideId "5084768"]
[BlackFideId "24608033"]
[EventDate "2017.07.21"]

1. e4 e5 2. Nf3 Nc6 3. Bb5 a6 4. Bxc6 dxc6 5. O-O Qf6 6. d4 exd4 7. Bg5 Qd6 8.
Nxd4 Bd7 9. Nc3 Be7 10. Be3 Nh6 11. f3 O-O-O 12. Qe2 Rhe8 13. Qf2 Kb8 14. Rad1
Qg6 15. Qg3 Ng8 16. Nde2 Bd6 17. Qxg6 hxg6 18. Bd4 f6 19. Rd2 Nh6 20. Rfd1 Kc8
21. Na4 Be6 22. b3 g5 23. c4 Nf7 24. h3 Bb4 25. Bc3 Rxd2 26. Rxd2 Bf8 27. Nd4
Bd7 28. Nb2 b5 29. Nc2 Be6 30. Kf2 Bd6 31. cxb5 cxb5 32. Ne3 Kb7 33. Nd3 Rd8 34.
b4 Bf8 35. a3 Kb6 36. Ke1 c6 37. Nc2 Bd6 38. Bd4+ Kc7 39. Nc5 Bc8 40. Kd1 Ne5
41. Bxe5 Bxe5 42. Rxd8 Kxd8 43. Nd3 Bc3 44. Nc5 a5 45. Ke2 axb4 46. axb4 Kc7 47.
Kd3 Bb2 48. Nd4 Kd6 49. Ne2 Be5 50. Nd4 Bg3 51. Ke2 Be5 52. Kd3 g6 53. Ncb3 Bd7
54. Nc5 Bg3 55. Ke3 Be8 56. Ne2 Be5 57. g3 Bf7 58. f4 gxf4+ 59. gxf4 Bb2 60. Nd3
Ba1 61. Kd2 Bc4 62. Kc2 g5 63. fxg5 fxg5 64. Ng1 Bf6 65. Nf3 Be7 66. Nde5 Be6
67. Ng4 c5 68. e5+ Kc6 69. bxc5 Kxc5 70. Nf6 Bxh3 71. Nxg5 Bf5+ 72. Kb3 Kd4 73.
Nf3+ Kd3 74. Ne1+ Kd2 75. Nf3+ Kd3 76. Ne1+ Kd4 77. Nf3+ Kc5 78. Ng5 Bd8 79.
Nge4+ Kc6 80. Nd6 Be6+ 81. Kb4 Be7 82. Ne4 Bd7 83. Nc3 Bxd6+ 84. exd6 Kxd6 85.
Nxb5+ Bxb5 86. Kxb5 1/2-1/2

[Event "28th Czech Open A 2017"]
[Site "Pardubice CZE"]
[Date "2017.07.27"]
[Round "7.54"]
[White "Potapov, Alexander1"]
[Black "Yelisieiev, Yevhenii"]
[Result "0-1"]
[WhiteTitle "GM"]
[BlackTitle "FM"]
[WhiteElo "2402"]
[BlackElo "2317"]
[WhiteFideId "4115074"]
[BlackFideId "14139642"]
[EventDate "2017.07.21"]

1. d4 d6 2. Nf3 Nf6 3. c4 Nbd7 4. Nc3 e5 5. e4 Be7 6. Be2 O-O 7. O-O c6 8. Qc2
Qc7 9. Rd1 a6 10. d5 cxd5 11. exd5 b5 12. cxb5 axb5 13. Bxb5 Ba6 14. Bc6 Bb7 15.
Bxb7 Qxb7 16. Be3 Rfc8 17. Qd2 Bd8 18. a3 Nb6 19. b3 Ra5 20. Ne4 Rxd5 21. Nxf6+
Bxf6 22. Qb4 e4 23. Nd4 Qa6 24. a4 Rdc5 25. Qd2 Nd5 26. b4 Rc3 27. b5 Qa8 28.
Qe2 R3c4 29. Qg4 Nc3 30. Rd2 Nxb5 31. axb5 Qxa1+ 32. Rd1 Qxd1+ 33. Qxd1 Bxd4 34.
Bd2 d5 35. g4 Bb6 36. Kg2 Rc2 37. Kg3 d4 38. Kf4 e3 39. fxe3 dxe3 40. Be1 Rc1
41. Qd7 Rd8 42. Qb7 Bc5 43. Kf3 Rxe1 44. Qc7 Rf1+ 45. Kg2 Rfd1 0-1

[Event "28th Czech Open A 2017"]
[Site "Pardubice CZE"]
[Date "2017.07.27"]
[Round "7.55"]
[White "Bukal, Vladimir Jr."]
[Black "Zarubitski, Viachaslau"]
[Result "1-0"]
[WhiteTitle "IM"]
[BlackTitle "FM"]
[WhiteElo "2398"]
[BlackElo "2314"]
[WhiteFideId "14502941"]
[BlackFideId "13509373"]
[EventDate "2017.07.21"]

1. d4 d5 2. Bf4 Nf6 3. e3 c5 4. Nf3 Qb6 5. Nc3 a6 6. dxc5 Qxc5 7. Ne5 Nc6 8. Bd3
e6 9. O-O Nxe5 10. Bxe5 Bd6 11. Bd4 Qc7 12. f4 b5 13. Qf3 b4 14. Na4 Rb8 15. Qg3
Kf8 16. b3 Bd7 17. Rac1 Bxa4 18. bxa4 Qa5 19. c3 Qxa4 20. cxb4 Bxb4 21. f5 e5
22. Bxe5 Re8 23. Qf4 Qa3 24. Bxf6 gxf6 25. Qh6+ Kg8 26. Qxf6 Be7 27. Qh6 f6 28.
Rc4 Bf8 29. Qxf6 Bg7 30. Rg4 Qf8 31. Qd4 h5 32. Qxd5+ Qf7 33. Rxg7+ Kxg7 34. f6+
Kg8 35. Qg5+ Kf8 36. Qc5+ 1-0

[Event "28th Czech Open A 2017"]
[Site "Pardubice CZE"]
[Date "2017.07.27"]
[Round "7.56"]
[White "Murtazin, Bulat"]
[Black "Badelka, Olga"]
[Result "1-0"]
[WhiteTitle "FM"]
[WhiteElo "2397"]
[BlackElo "2309"]
[WhiteFideId "24151351"]
[BlackFideId "13509926"]
[EventDate "2017.07.21"]

1. d4 d5 2. c4 dxc4 3. e3 Nf6 4. Bxc4 a6 5. Nf3 e6 6. O-O b5 7. Bd3 Bb7 8. a4 b4
9. Qe2 c5 10. Nbd2 Nbd7 11. e4 cxd4 12. e5 Nd5 13. Nb3 Nc5 14. Nxc5 Bxc5 15. Bd2
Be7 16. Rfc1 O-O 17. Nxd4 Bg5 18. Qh5 h6 19. Bxg5 Qxg5 20. Qxg5 hxg5 21. Be4
Rac8 22. Nb3 Ba8 23. Rxc8 Rxc8 24. Rc1 Rxc1+ 25. Nxc1 Bc6 26. Bxd5 Bxd5 27. a5
Kh7 28. Nd3 b3 29. Nc5 Bc4 30. g4 f6 31. Kg2 fxe5 32. Kf3 Kg6 33. Nd7 Bd5+ 34.
Ke3 Kf7 35. Nxe5+ Ke7 36. Kd4 Bg2 37. Kc5 Kf6 38. Kd6 Bf1 39. Nd7+ Kf7 40. Ke5
Ke7 41. Nc5 Be2 42. Nxb3 Bxg4 43. Nc5 Be2 44. Nxe6 g4 45. Nxg7 1-0

[Event "28th Czech Open A 2017"]
[Site "Pardubice CZE"]
[Date "2017.07.27"]
[Round "7.57"]
[White "Karas, Marek"]
[Black "Grekh, Andrey"]
[Result "0-1"]
[WhiteTitle "FM"]
[BlackTitle "IM"]
[WhiteElo "2273"]
[BlackElo "2395"]
[WhiteFideId "14928558"]
[BlackFideId "14112418"]
[EventDate "2017.07.21"]

1. d4 Nf6 2. Bf4 c5 3. e3 d5 4. Nf3 Nc6 5. Nbd2 cxd4 6. exd4 Bf5 7. c3 Nh5 8.
Be3 e6 9. Ne5 Nf6 10. Qa4 Qa5 11. Qxa5 Nxa5 12. Bb5+ Ke7 13. Nb3 Nxb3 14. axb3
Ne4 15. g4 Bg6 16. f3 Nd6 17. Nxg6+ hxg6 18. Bd3 Kd7 19. c4 f5 20. c5 Nf7 21.
O-O Be7 22. Bb5+ Kc8 23. Bf2 Bh4 24. Be3 Bg5 25. Bf2 Bf4 26. Rfe1 Ng5 27. h4
Nxf3+ 28. Kg2 Nxe1+ 29. Rxe1 a6 30. Ba4 g5 31. hxg5 fxg4 32. Bg3 Bxg3 33. Kxg3
Rh3+ 34. Kxg4 Rd3 35. Rxe6 Rxd4+ 36. Kf5 Re4 37. Rd6 Re7 38. Rxd5 Kc7 39. Kg6
Rf8 40. Rd6 Rf2 41. Rd4 Rxb2 42. Rf4 Rg2 43. Rf5 Rg4 44. Kh5 Rge4 45. Kg6 R4e6+ 0-1

[Event "28th Czech Open A 2017"]
[Site "Pardubice CZE"]
[Date "2017.07.27"]
[Round "7.58"]
[White "Haring, Viktor"]
[Black "Janzelj, Tim"]
[Result "1/2-1/2"]
[WhiteTitle "FM"]
[WhiteElo "2241"]
[BlackElo "2391"]
[WhiteFideId "14919400"]
[BlackFideId "14607913"]
[EventDate "2017.07.21"]

1. e4 c5 2. Nf3 d6 3. d4 cxd4 4. Nxd4 Nf6 5. Nc3 Nc6 6. Bg5 e6 7. Qd2 a6 8.
O-O-O Bd7 9. f4 b5 10. Bxf6 gxf6 11. Kb1 Qb6 12. Nce2 b4 13. Nxc6 Bxc6 14. Ng3
h5 15. h4 Be7 16. f5 Qc5 17. Be2 Qe5 18. Nxh5 Bxe4 19. Rhe1 d5 20. Bf3 Kf8 21.
Bxe4 dxe4 22. g4 exf5 23. Qd7 fxg4 24. Rd5 Qe6 25. Qb7 Qc8 26. Qb6 Qc4 27. Red1
Re8 28. Nxf6 Rc8 29. Nd7+ Kg7 30. Qf2 e3 31. Qxe3 Qxc2+ 32. Ka1 Rh6 33. Rg1 Rc4
34. Rdd1 Re4 35. Qf3 Rg6 36. Qf5 Re2 37. Qxc2 Rxc2 38. Ne5 Bf6 39. Kb1 Rh2 40.
Nxg6 Rxb2+ 41. Kc1 fxg6 42. Rd2 Rxd2 43. Kxd2 Bxh4 44. Rxg4 Be7 45. Rc4 a5 46.
Rc7 Kf6 47. Ra7 Bd8 48. Kd3 Ke5 49. Kc4 g5 50. Rd7 Bf6 51. Rd5+ Kf4 52. Rxa5 g4
53. Ra6 Bg5 54. Kd3 Kf3 55. Rg6 Bf4 56. Kc4 g3 57. Rxg3+ Bxg3 58. Kxb4 1/2-1/2

[Event "28th Czech Open A 2017"]
[Site "Pardubice CZE"]
[Date "2017.07.27"]
[Round "7.59"]
[White "Saiyn, Zhanat"]
[Black "Holtman, Teodor"]
[Result "1/2-1/2"]
[WhiteTitle "IM"]
[BlackTitle "FM"]
[WhiteElo "2390"]
[BlackElo "2306"]
[WhiteFideId "13703820"]
[BlackFideId "14933721"]
[EventDate "2017.07.21"]

1. d4 Nf6 2. Nf3 g6 3. c4 Bg7 4. Nc3 O-O 5. e4 d6 6. Be2 e5 7. O-O Nc6 8. d5 Ne7
9. Ne1 Ne8 10. Nd3 f5 11. f4 Kh8 12. fxe5 dxe5 13. Nf2 Nf6 14. Bf3 a5 15. b3
fxe4 16. Nfxe4 Nf5 17. Qd3 Re8 18. Bg5 h6 19. Nxf6 Bxf6 20. Bd2 Kh7 21. Be4 Bg5
22. g4 Bxd2 23. gxf5 Qg5+ 24. Kh1 Bxf5 25. Rg1 Bxe4+ 26. Nxe4 Qf5 27. Raf1 Bf4
28. Nc5 Qxd3 29. Nxd3 Rf8 30. Rg2 Rae8 31. Re2 g5 32. Nc5 b6 33. Ne6 Rf7 34.
Rxe5 Kg6 35. Re2 Bd6 36. Rg1 Ree7 37. h4 Rf3 38. hxg5 Rh3+ 39. Kg2 Rg3+ 40. Kh1
Rh3+ 41. Kg2 Rg3+ 42. Kh1 Rh3+ 1/2-1/2

[Event "28th Czech Open A 2017"]
[Site "Pardubice CZE"]
[Date "2017.07.27"]
[Round "7.60"]
[White "Konguvel, Ponnuswamy"]
[Black "Goluch, Piotr"]
[Result "1/2-1/2"]
[WhiteTitle "IM"]
[BlackTitle "FM"]
[WhiteElo "2388"]
[BlackElo "2288"]
[WhiteFideId "5000548"]
[BlackFideId "1137840"]
[EventDate "2017.07.21"]

1. e4 c6 2. d4 d5 3. e5 c5 4. dxc5 Nc6 5. a3 a5 6. Nf3 Bg4 7. Bb5 e6 8. Be3 Ne7
9. c3 g6 10. Nbd2 Bg7 11. h3 Bxf3 12. Nxf3 O-O 13. Bd4 Nxd4 14. cxd4 Nf5 15. O-O
f6 16. Re1 fxe5 17. dxe5 Qe7 18. Rc1 Nh4 19. Nd4 Rf4 20. Ne2 Rxf2 21. Kxf2 Rf8+
22. Kg1 Qg5 23. Nf4 Rxf4 24. Re2 Bxe5 25. Kh1 Nf5 26. Rxe5 Ng3+ 27. Kg1 Qxe5 28.
Qd2 Ne4 29. Re1 Qc7 30. Qe3 Qxc5 31. Bd7 Kf7 32. Bxe6+ Kf6 33. Bxd5 Qxe3+ 34.
Rxe3 Nc5 35. Bf3 Rc4 36. Kh2 b5 37. Be2 Rc2 38. b4 axb4 39. axb4 Na6 40. Bxb5
Nxb4 1/2-1/2

[Event "28th Czech Open A 2017"]
[Site "Pardubice CZE"]
[Date "2017.07.27"]
[Round "7.61"]
[White "Bekturov, Tamerlan"]
[Black "Sindarov, Javokhir"]
[Result "1/2-1/2"]
[BlackTitle "CM"]
[WhiteElo "2223"]
[BlackElo "2383"]
[WhiteFideId "13710184"]
[BlackFideId "14205483"]
[EventDate "2017.07.21"]

1. d4 Nf6 2. Nf3 g6 3. Nbd2 Bg7 4. e4 d6 5. Bd3 O-O 6. O-O Nc6 7. c3 e5 8. Re1
Re8 9. dxe5 dxe5 10. Nc4 h6 11. a4 Nh5 12. Qc2 Be6 13. b4 a6 14. Be3 Bg4 15.
Nfd2 b6 16. Bf1 Nf4 17. h3 Be6 18. b5 Nb8 19. Nf3 Nd7 20. bxa6 Qf6 21. Ncd2 Nb8
22. a5 bxa5 23. Rxa5 Bc8 24. a7 Nc6 25. Raa1 g5 26. Reb1 g4 27. hxg4 Bxg4 28.
Ra6 Bd7 29. Nb3 Bc8 30. Raa1 Rd8 31. Rd1 Rf8 32. Nbd2 h5 33. g3 Ng6 34. Qa4 Bd7
35. Qc4 h4 36. Bg5 Qe6 37. Qxe6 Bxe6 38. Be3 hxg3 39. fxg3 Rfd8 40. Ba6 Nxa7 41.
Bb7 Rab8 42. Rxa7 Rd3 43. Kf2 Bf8 44. Rda1 Rxc3 45. Ng5 Bg4 46. Bd5 Bh6 47.
Bxf7+ Kg7 48. R7a6 c6 49. Ra7 Bxg5 50. Bxg6+ Kxg6 51. Bxg5 Rf8+ 52. Kg2 Rd3 53.
Ra8 1/2-1/2

[Event "28th Czech Open A 2017"]
[Site "Pardubice CZE"]
[Date "2017.07.27"]
[Round "7.62"]
[White "Pein, Jonathan"]
[Black "Kulon, Klaudia"]
[Result "1/2-1/2"]
[BlackTitle "WGM"]
[WhiteElo "2223"]
[BlackElo "2380"]
[WhiteFideId "417092"]
[BlackFideId "1131044"]
[EventDate "2017.07.21"]

1. b3 Nf6 2. Bb2 g6 3. Bxf6 exf6 4. c4 Bg7 5. Nc3 O-O 6. g3 f5 7. Rc1 c6 8. Bg2
Qa5 9. Qc2 Na6 10. Nh3 d5 11. cxd5 Nb4 12. Qb2 cxd5 13. a3 Nc6 14. b4 Qd8 15. d3
Ne7 16. Nf4 g5 17. Nh5 Bh8 18. Qd2 h6 19. h4 d4 20. Nb5 Ng6 21. hxg5 hxg5 22.
Nc7 Rb8 23. Qc2 Bd7 24. Qc5 b6 25. Qd6 Rc8 26. Kd2 Be5 27. Nd5 Be6 28. Qxd8
Rfxd8 29. Nhf6+ Kf8 30. Rxc8 Bxc8 31. Nh7+ Kg8 32. Nxg5 f4 33. Nh7 fxg3 34.
Nhf6+ Kf8 35. fxg3 Bb7 36. Be4 Bxd5 37. Nxd5 Bxg3 38. Bxg6 Rxd5 39. Rf1 Rd7 40.
e3 1/2-1/2

[Event "28th Czech Open A 2017"]
[Site "Pardubice CZE"]
[Date "2017.07.27"]
[Round "7.63"]
[White "Khaetsky, Roman"]
[Black "Audi, Ameya"]
[Result "1-0"]
[WhiteTitle "IM"]
[WhiteElo "2373"]
[BlackElo "2219"]
[WhiteFideId "14106221"]
[BlackFideId "25034430"]
[EventDate "2017.07.21"]

1. e4 e5 2. Nc3 Nf6 3. Bc4 Bc5 4. d3 c6 5. Nf3 d6 6. Bg5 h6 7. Bh4 Bb6 8. Qd2
Nbd7 9. O-O-O Bc7 10. d4 Qe7 11. Bb3 Nf8 12. h3 Ng6 13. g4 Ba5 14. Rhe1 Nxh4 15.
Nxh4 Nxg4 16. Nf5 Bxf5 17. exf5 Nf6 18. dxe5 dxe5 19. Qe3 O-O 20. Rg1 Kh8 21.
Ne4 Bb6 22. Qg3 Rg8 23. Nd6 Raf8 24. Rge1 e4 25. Qh4 e3 26. fxe3 Bc5 27. Qg3 Nd5
28. Nc4 Qe4 29. Ne5 Bxe3+ 30. Kb1 Qf4 31. Qxf4 Bxf4 32. Bxd5 cxd5 33. Rxd5 Bg3
34. Red1 Bxe5 35. Rxe5 Rd8 36. Kc1 Rxd1+ 37. Kxd1 Rd8+ 38. Ke2 Rd7 39. c4 Kg8
40. Re8+ Kh7 41. Ke3 a6 42. c5 f6 43. b4 h5 44. a4 Kh6 45. h4 g5 46. fxg6 Kxg6
47. Ke4 Kf7 48. Rh8 Kg6 49. b5 axb5 50. axb5 Rd1 51. c6 bxc6 52. bxc6 Rc1 53.
Kd5 Kf5 54. Rxh5+ Kg4 55. Rh8 f5 56. h5 f4 57. h6 Rd1+ 58. Ke6 Re1+ 59. Kd7 Rd1+
60. Kc8 Ra1 61. Rg8+ 1-0

[Event "28th Czech Open A 2017"]
[Site "Pardubice CZE"]
[Date "2017.07.27"]
[Round "7.64"]
[White "Swicarz, Maciej"]
[Black "Kosmo, Santul"]
[Result "1-0"]
[WhiteElo "2372"]
[BlackElo "2168"]
[WhiteFideId "1113585"]
[BlackFideId "504173"]
[EventDate "2017.07.21"]

1. d4 Nf6 2. Nf3 c5 3. d5 e6 4. Nc3 b5 5. dxe6 fxe6 6. e4 b4 7. Nb5 Nxe4 8. Bf4
Na6 9. Ne5 Qf6 10. g3 d6 11. Bg2 Bb7 12. Nc4 Rd8 13. O-O d5 14. Bxe4 dxe4 15.
Qh5+ Qf7 16. Qe2 Be7 17. Nbd6+ Bxd6 18. Nxd6+ Rxd6 19. Bxd6 Qf3 20. Qb5+ 1-0

[Event "28th Czech Open A 2017"]
[Site "Pardubice CZE"]
[Date "2017.07.27"]
[Round "7.65"]
[White "Varitski, Igor"]
[Black "Sabol, Marian"]
[Result "1/2-1/2"]
[WhiteTitle "IM"]
[BlackTitle "FM"]
[WhiteElo "2226"]
[BlackElo "2354"]
[WhiteFideId "14102862"]
[BlackFideId "308056"]
[EventDate "2017.07.21"]

1. e4 c5 2. c3 d6 3. d4 Nf6 4. Bd3 g6 5. h3 Bg7 6. Nf3 O-O 7. O-O Qc7 8. Qe2 a6
9. a4 b6 10. Bf4 Nh5 11. Be3 e5 12. dxe5 dxe5 13. Bc4 Bb7 14. Nbd2 h6 15. Rfd1
Nf6 16. Nh4 Kh7 17. f3 Qe7 18. Qf2 Nbd7 19. g4 Ne8 20. Nf1 Nd6 21. Bd5 Bxd5 22.
Rxd5 Nf6 23. Rd3 Rad8 24. Ng2 Ndxe4 25. Qe2 Rxd3 26. Qxd3 Ng5 27. Bxg5 hxg5 28.
Qxa6 Qc7 29. Qe2 Nd5 30. Nfe3 Nf4 31. Nxf4 gxf4 32. Nd5 Qc6 33. c4 f5 34. Qf2
Bf6 35. a5 e4 36. Nxf6+ Qxf6 37. axb6 e3 38. Qe1 Qxb6 39. Qh4+ Kg8 40. Rd1 Qxb2
41. Rd7 Qc1+ 1/2-1/2

[Event "28th Czech Open A 2017"]
[Site "Pardubice CZE"]
[Date "2017.07.27"]
[Round "7.66"]
[White "Sodoma, Jan"]
[Black "Baasansuren, Erdene"]
[Result "1-0"]
[WhiteTitle "IM"]
[BlackTitle "FM"]
[WhiteElo "2351"]
[BlackElo "2128"]
[WhiteFideId "323195"]
[BlackFideId "4902084"]
[EventDate "2017.07.21"]

1. d4 Nf6 2. Bg5 e6 3. e4 h6 4. Bxf6 Qxf6 5. c3 d6 6. Nd2 Be7 7. Bd3 O-O 8. Qe2
Nd7 9. Ngf3 e5 10. Nc4 c6 11. Ne3 Re8 12. d5 Nc5 13. Bc2 Qg6 14. c4 a5 15. h3
Bd7 16. g4 Rab8 17. b3 b5 18. cxb5 cxd5 19. Nxd5 Bxb5 20. Qe3 Bd8 21. a3 Ne6 22.
Rd1 Bc6 23. Rd2 Nf4 24. Nxf4 exf4 25. Qxf4 Bxe4 26. Re2 Bg5 27. Bxe4 Bxf4 28.
Bxg6 fxg6 29. Rxe8+ Rxe8+ 30. Kd1 Rc8 31. Ke2 Rc2+ 32. Kd3 Rxf2 33. Nd4 Be5 34.
Re1 Rb2 35. Re3 Kf7 36. Kc4 Ra2 37. a4 Bxd4 38. Kxd4 h5 39. Kc4 hxg4 40. Kb5
gxh3 41. Rxh3 g5 42. Kxa5 Kf6 43. b4 Rb2 44. b5 g4 45. Ra3 Ke5 46. Kb6 Kf4 47.
a5 g3 48. Ra1 g2 49. a6 Rf2 50. Rg1 Kf3 51. a7 Ra2 52. Kb7 Kf2 53. Rxg2+ Kxg2
54. a8=Q Rxa8 55. Kxa8 g5 56. b6 g4 57. b7 g3 58. b8=Q Kh1 59. Qh8+ Kg1 60. Qd4+
Kh1 61. Qh4+ Kg2 62. Kb7 Kf3 63. Qf6+ Ke3 64. Qg5+ Kf3 65. Qf5+ Ke3 66. Qg4 Kf2
67. Qf4+ 1-0

[Event "28th Czech Open A 2017"]
[Site "Pardubice CZE"]
[Date "2017.07.27"]
[Round "7.67"]
[White "Bartos, Jan"]
[Black "Koykka, Pekka"]
[Result "1-0"]
[WhiteTitle "FM"]
[BlackTitle "FM"]
[WhiteElo "2189"]
[BlackElo "2351"]
[WhiteFideId "315060"]
[BlackFideId "504319"]
[EventDate "2017.07.21"]

1. Nf3 d6 2. d4 Bg4 3. c4 Nd7 4. e4 e5 5. Be2 Be7 6. Be3 Bxf3 7. Bxf3 Bg5 8.
Bxg5 Qxg5 9. O-O Ne7 10. Nc3 Ng6 11. dxe5 dxe5 12. g3 O-O-O 13. Qa4 Kb8 14. b4
h5 15. Rad1 Nb6 16. Qb3 Nc8 17. c5 h4 18. Rxd8 Rxd8 19. Rd1 Rxd1+ 20. Qxd1 Nge7
21. Bg4 g6 22. Bxc8 Kxc8 23. Kg2 Nc6 24. Nd5 f5 25. b5 Nd4 26. b6 axb6 27. cxb6
c6 28. Ne3 Qd8 29. Nc4 Qh8 30. Qa4 h3+ 31. Kf1 Qh5 32. Qa8+ Kd7 33. Qxb7+ Ke6
34. Qc8+ Kf6 35. Qf8+ Kg5 36. Qd8+ Kg4 37. Nxe5# 1-0

[Event "28th Czech Open A 2017"]
[Site "Pardubice CZE"]
[Date "2017.07.27"]
[Round "7.68"]
[White "Barthel, Ansgar"]
[Black "Seger, Ruediger"]
[Result "1/2-1/2"]
[BlackTitle "IM"]
[WhiteElo "2164"]
[BlackElo "2346"]
[WhiteFideId "4643461"]
[BlackFideId "4617274"]
[EventDate "2017.07.21"]

1. e4 c6 2. d4 d5 3. Nc3 dxe4 4. Nxe4 Bf5 5. Ng3 Bg6 6. h4 h6 7. Nf3 Nd7 8. h5
Bh7 9. Bd3 Bxd3 10. Qxd3 e6 11. Bd2 Ngf6 12. O-O-O Be7 13. Ne4 Nxe4 14. Qxe4 Nf6
15. Qe2 Qd5 16. c4 Qe4 17. Qxe4 Nxe4 18. Be3 f5 19. Rhe1 Bd6 20. d5 cxd5 21.
cxd5 e5 22. Nxe5 Bxe5 23. f3 Bg3 24. Re2 O-O 25. fxe4 fxe4 26. d6 Rac8+ 27. Rc2
Rxc2+ 28. Kxc2 b6 29. d7 Rd8 30. Rd4 Kf7 31. b4 Be5 32. Rxe4 Bf6 33. Re8 Rxd7
34. Ra8 Ke6 35. a4 Kd5 36. a5 Kc4 37. axb6 axb6 38. Bxb6 Kxb4 39. Be3 Kc4 40.
Ra5 Re7 41. Bd2 Re2 42. Ra4+ Kb5 43. Ra5+ Kb6 44. Rd5 Rxg2 45. Kd3 Kc6 46. Ra5
Kd6 47. Ra6+ Ke5 48. Ra5+ Ke6 49. Rb5 Bg5 50. Bc3 Rg3+ 51. Kc2 Bf6 52. Bd2 Rf3
53. Kd1 Be5 54. Rb6+ Kf5 55. Bxh6 gxh6 56. Rxh6 Kg5 57. Ra6 Kxh5 58. Ra5 Rf5 59.
Ke2 Kg4 60. Rb5 Rh5 61. Kd3 Kf5 62. Rb3 Rh8 63. Rb5 Rd8+ 64. Ke3 Rh8 65. Kd3
Rh3+ 66. Kc4 Ke4 67. Rb3 Rh1 68. Kb5 Rc1 69. Rh3 Kd5 70. Rh5 Rb1+ 71. Ka5 Rb8
72. Rg5 Kd6 73. Rh5 Bc3+ 74. Ka4 Rb4+ 75. Ka3 Rf4 76. Kb3 Be5 77. Kc2 Rb4 78.
Kd3 Kd5 79. Rh7 Rb3+ 80. Kc2 Re3 81. Rh4 Bd4 82. Rh7 Kc4 83. Rc7+ Bc5 84. Rc8
Re2+ 85. Kd1 Rh2 86. Kc1 Kd5 87. Rd8+ Ke4 88. Kd1 Bd4 89. Ke1 Kd3 90. Kf1 Rf2+
91. Ke1 Rg2 92. Rf8 Rg1+ 93. Rf1 Rg7 94. Rf8 Rd7 95. Kf1 Rg7 96. Ke1 Bb6 97. Rf6
Be3 98. Rf8 Rg2 99. Rd8+ Bd4 100. Rf8 Ra2 101. Kf1 Ra1+ 102. Kg2 Rg1+ 103. Kh2
Rg6 104. Re8 Be3 105. Kh3 Ke2 106. Rf8 Bf2 107. Re8+ Kf1 1/2-1/2

[Event "28th Czech Open A 2017"]
[Site "Pardubice CZE"]
[Date "2017.07.27"]
[Round "7.69"]
[White "Vusatiuk, Vladimir"]
[Black "Manafov, Vugar"]
[Result "1/2-1/2"]
[WhiteTitle "IM"]
[WhiteElo "2338"]
[BlackElo "2165"]
[WhiteFideId "14118610"]
[BlackFideId "13410814"]
[EventDate "2017.07.21"]

1. e4 Nf6 2. e5 Nd5 3. d4 d6 4. Nf3 g6 5. Bc4 Nb6 6. Bb3 Bg7 7. O-O O-O 8. c3
Nc6 9. Bf4 Bg4 10. exd6 cxd6 11. h3 Bf5 12. Nbd2 Rc8 13. Re1 Na5 14. Bc2 Bxc2
15. Qxc2 Nc6 16. Qd1 Qd7 17. Nb3 Nd5 18. Bd2 b5 19. a4 a6 20. axb5 axb5 21. Na5
Ra8 22. Nxc6 Qxc6 23. Qe2 e6 24. h4 Qc4 25. Qe4 Ra2 26. Rxa2 Qxa2 27. Bc1 b4 28.
cxb4 Nxb4 29. h5 Qd5 30. hxg6 hxg6 31. Qxd5 Nxd5 32. Bd2 Rb8 33. Ra1 Bf6 34. Bc3
Nxc3 35. bxc3 d5 36. Rc1 Rb2 37. c4 dxc4 38. Rxc4 Kg7 39. Rc7 Rb1+ 40. Kh2 Rd1
41. Ne5 Bxe5+ 42. dxe5 1/2-1/2

[Event "28th Czech Open A 2017"]
[Site "Pardubice CZE"]
[Date "2017.07.27"]
[Round "7.70"]
[White "Teske, Henrik"]
[Black "Dowgird, Filip"]
[Result "1/2-1/2"]
[WhiteTitle "GM"]
[WhiteElo "2486"]
[BlackElo "2242"]
[WhiteFideId "4611500"]
[BlackFideId "1121235"]
[EventDate "2017.07.21"]

1. f4 d5 2. Nf3 Nf6 3. e3 Bg4 4. d4 e6 5. Bd3 c5 6. c3 Nc6 7. O-O Ne4 8. Nbd2 f5
9. h3 Bxf3 10. Nxf3 Be7 11. Bd2 O-O 12. Be1 c4 13. Bc2 b5 14. Nd2 Nd6 15. b3 a5
16. a4 b4 17. bxc4 bxc3 18. Nb1 Nxc4 19. Rf3 Nb4 20. Nxc3 1/2-1/2

[Event "28th Czech Open A 2017"]
[Site "Pardubice CZE"]
[Date "2017.07.27"]
[Round "7.71"]
[White "Poulopoulos, Ioannis"]
[Black "Krylov, Mikhail RUS"]
[Result "1/2-1/2"]
[BlackTitle "GM"]
[WhiteElo "2252"]
[BlackElo "2485"]
[WhiteFideId "4218078"]
[BlackFideId "4151364"]
[EventDate "2017.07.21"]

1. c4 c5 2. g3 g6 3. Bg2 Bg7 4. Nc3 Nc6 5. e3 e6 6. Nge2 Nge7 7. O-O O-O 8. b3
d5 9. cxd5 Nxd5 10. Bb2 Ndb4 11. Na4 b6 12. Bxg7 Kxg7 13. a3 Nd5 14. d4 cxd4 15.
Nxd4 Bb7 16. Rc1 Rc8 17. Nc3 Nxc3 18. Rxc3 Nxd4 19. Rxc8 Bxc8 20. Qxd4+ Qxd4 21.
exd4 Ba6 22. Rc1 Rc8 23. Rxc8 Bxc8 24. f4 f5 25. d5 Kf6 26. dxe6 Bxe6 1/2-1/2

[Event "28th Czech Open A 2017"]
[Site "Pardubice CZE"]
[Date "2017.07.27"]
[Round "7.72"]
[White "Karayev, Kanan"]
[Black "Lugovskoy, Maxim"]
[Result "0-1"]
[WhiteTitle "FM"]
[BlackTitle "GM"]
[WhiteElo "2247"]
[BlackElo "2453"]
[WhiteFideId "13406671"]
[BlackFideId "24126454"]
[EventDate "2017.07.21"]

1. e4 e6 2. d4 d5 3. Nd2 Nc6 4. Ngf3 Nf6 5. e5 Nd7 6. c3 f6 7. exf6 Qxf6 8. Be2
Bd6 9. Nf1 O-O 10. Ng3 e5 11. dxe5 Ndxe5 12. O-O Ne7 13. Nxe5 Bxe5 14. Bg4 c5
15. Bxc8 Raxc8 16. Qg4 Ng6 17. Bg5 Qf7 18. f4 Bc7 19. f5 Ne5 20. Qh4 Nd3 21. Be7
Rfe8 22. f6 g6 23. Qg5 Kh8 24. Rad1 c4 25. Ne2 Bd8 26. Nf4 Nxb2 27. Rb1 Bb6+ 28.
Kh1 Nd3 29. Qxd5 Kg8 30. Qxf7+ Kxf7 31. Nd5 Rc6 32. a4 Rb8 33. h3 Bc5 34. Kh2 b6
35. a5 b5 36. Bxc5 Rxc5 37. Ne3 Re8 38. Ng4 Re2 39. Rf3 Rg5 40. Rg3 Kf8 41. Rf1
h5 42. Nh6 Rxg3 43. Kxg3 b4 44. f7 bxc3 45. Rf6 c2 46. Rc6 Rf2 47. Rxc4 c1=Q 48.
Rxc1 h4+ 0-1